Willy el tímido (Registro nro. 386)

Detalles MARC
000 -CABECERA
Longitud fija campo de control 01153nam a2200325Ia 4500
005 - • FECHA Y HORA DE LA ÚLTIMA TRANSACCIÓN
Fecha y hora de la última transacción 20220316235244.0
008 - • CÓDIGOS DE INFORMACIÓN DE LONGITUD FIJA
Códigos de información de longitud fija 121119s1991 mx a gr 000 j spa
020 ## - • NÚMERO INTERNACIONAL NORMALIZADO PARA LIBROS
Número Internacional Normalizado para Libros (ISBN) 9681636538
041 1# - • CÓDIGO DE LENGUA
Código de lengua del texto/banda sonora o título independiente spa
040 ## - FUENTE DE LA CATALOGACIÓN
Centro catalogador de origen CO-BoRNBP
Lengua de catalogación spa
Normas de descripción rda
Centro transcriptor CO-BoRNBP
084 ## - • Clasificación Local Alfanúmerica PNLB
Número de clasificación A BRO1
100 1# - • PUNTO DE ACCESO PRINCIPAL-NOMBRE DE PERSONA
Nombre de persona Browne, Anthony,
Fechas asociadas al nombre 1946-
245 10 - • TITULO PROPIAMENTE DICHO
Título Willy el tímido
Mención de responsabilidad, etc. Anthony Browne ; traducción de Carmen Esteva ; editor Daniel Goldin
250 ## - • MENCIÓN DE EDICIÓN
Mención de edición 1a. edición
264 #1 - PRODUCCIÓN, PUBLICACIÓN , DISTRIBUCIÓN, FABRICACIÓN Y COPYRIGHT
Lugar de producción, publicación, distribución, fabricación México
Nombre del productor, editor, distribuidor, fabricante Fondo de Cultura Económica
Fecha de de producción, publicación, distribución, fabricación o copyright 1991
300 ## - • DESCRIPCIÓN FÍSICA
Extensión [28] páginas sin enumerar
Otras características físicas ilustraciones a color
Dimensiones 23 cm.
336 ## - TIPO DE CONTENIDO
Término de tipo de contenido texto
Código de tipo de contenido txt
Fuente rdacontent
337 ## - TIPO DE MEDIO
Nombre del tipo de medio sin mediación
Código del tipo de medio n
Fuente rdamedia
338 ## - TIPO DE SOPORTE
Nombre del tipo de soporte volumen
Código del tipo de soporte nc
Fuente rdacarrier
490 0# - • MENCIÓN DE SERIE
Mención de serie Los especiales de a la orilla del viento
521 ## - • NOTA DE PÚBLICO DESTINATARIO
Nota público destinatario (R ) Recomendado para niños de 5 años en adelante
534 ## - • Nota De Versión Original
Título Willy the wimp
650 14 - • PUNTO DE ACCESO ADICIONAL DE MATERIA - TÉRMINO DE MATERIA
Fuente del encabezamiento o término LEMB
Término de materia o nombre geográfico como elemento inicial Álbumes infantiles ingleses
Subdivisión cronológica Siglo XX
650 14 - • PUNTO DE ACCESO ADICIONAL DE MATERIA - TÉRMINO DE MATERIA
Fuente del encabezamiento o término LEMB
Término de materia o nombre geográfico como elemento inicial Literatura infantil inglesa
Subdivisión cronológica Siglo XX
650 14 - • PUNTO DE ACCESO ADICIONAL DE MATERIA - TÉRMINO DE MATERIA
Fuente del encabezamiento o término LEMB
Término de materia o nombre geográfico como elemento inicial Animales
Subdivisión de forma Álbumes
650 14 - • PUNTO DE ACCESO ADICIONAL DE MATERIA - TÉRMINO DE MATERIA
Fuente del encabezamiento o término LEMB
Término de materia o nombre geográfico como elemento inicial Timidez
Subdivisión de forma Álbumes
700 1# - • PUNTO DE ACCESO ADICIONAL - NOMBRE DE PERSONA
Nombre de persona Esteva, Carmen
Término indicativo de función traductor
700 1# - • PUNTO DE ACCESO ADICIONAL - NOMBRE DE PERSONA
Nombre de persona Goldin, Daniel
Término indicativo de función editor
942 ## - ENTRADA DE ELEMENTOS AGREGADOS (KOHA)
Fuente de clasificaión o esquema
Koha [por defecto] tipo de item Libro Literatura
Existencias
Perdido Fuente de clasificación o esquema Estado Físico No para préstamo Localización permanente Localización actual Localización en estanterías Fecha adquisición Préstamos totales Signatura completa Código de barras Fecha última consulta Número de copia Fecha del precio de reemplazo Tipo de item de Koha Forma de adquisición
  Dewey Decimal Classification     Biblioteca Pública Mapiripan Biblioteca Pública Mapiripan Sala Infantil 01/25/2024   A BRO1 MAP00003643 01/25/2024 Ej.1 01/25/2024 Libro Literatura Infantil
  Dewey Decimal Classification     Biblioteca Pública Puerto Rico Biblioteca Pública Puerto Rico Sala Infantil 06/08/2023   A BROwt ej. 1 PR0000012150 06/08/2023 Ej.1 06/08/2023 Libro Literatura  









Instituto Departamental de Cultura del Meta - Red Departamental de Bibliotecas Públicas del Meta.